LEADER 03126oam 2200481 450 001 9910483612303321 005 20210511195711.0 010 $a981-15-6560-0 024 7 $a10.1007/978-981-15-6560-1 035 $a(CKB)4100000011610362 035 $a(MiAaPQ)EBC6407610 035 $a(DE-He213)978-981-15-6560-1 035 $a(PPN)252505123 035 $a(EXLCZ)994100000011610362 100 $a20210511d2021 uy 0 101 0 $aeng 135 $aurnn|008mamaa 181 $ctxt$2rdacontent 182 $cc$2rdamedia 183 $acr$2rdacarrier 200 10$aUltrasonographic anatomy of the face and neck for minimally invasive procedures $ean anatomic guideline for ultrasonographic-guided procedures /$fHee-Jin Kim [and four others] 205 $a1st ed. 2021. 210 1$aGateway East, Singapore :$cSpringer,$d[2021] 210 4$d©2021 215 $a1 online resource (IX, 274 p. 273 illus., 223 illus. in color.) 311 $a981-15-6559-7 327 $aBasic principles of ultrasonographic imaging -- General US anatomy of the face and neck -- US anatomy of the forehead and temple -- US anatomy of the periorbital region -- US anatomy of the midface and nose -- US anatomy of the perioral and masseter region -- US anatomy of the upper superficial cervical region -- US applications in botulinum toxin injection procedures -- US applications in filler injection procedures -- US applications in thread lifting procedures. 330 $aThis is the very first book to describe the superficial anatomic structure of the face and neck by means of detailed ultrasonography (US). This superbly illustrated book will help aesthetic physicians to familiarize themselves with the US anatomy of the face and neck and to understand the applications and benefits of US when performing minimally invasive aesthetic procedures in this region. A deep understanding of anatomy is imperative if such procedures are to be safe and effective. Bearing in mind the range of potential anatomic variations, US can offer vital assistance in identifying target structures of the face beneath the skin when carrying out treatments that would otherwise be performed ?blind?. In this book, readers will find detailed guidance on the use of US in the context of botulinum toxin and filler injections, threading procedures, and other minimally invasive aesthetic approaches. This is done with the aid of more than 530 US images, including cadaveric dissections and illustrations of volunteers and patients. For novices, valuable information is also provided on the basics of US imaging. 606 $aNeck$xUltrasonic imaging 606 $aFace$xAnatomy 606 $aFace$xUltrasonic imaging 615 0$aNeck$xUltrasonic imaging. 615 0$aFace$xAnatomy. 615 0$aFace$xUltrasonic imaging. 676 $a611.92 700 $aKim$b Hee-Jin$0910566 801 0$bMiAaPQ 801 1$bMiAaPQ 801 2$bUtOrBLW 906 $aBOOK 912 $a9910483612303321 996 $aUltrasonographic anatomy of the face and neck for minimally invasive procedures$92854015 997 $aUNINA LEADER 00949nas 22003133a 450 001 996336747903316 005 20230222213018.0 011 $a1556-1100 035 $a(OCoLC)60398405 035 $a(CKB)1000000000303137 035 $a(CONSER)--2005214843 035 $a(EXLCZ)991000000000303137 100 $a20050518a20059999 s-- a 101 0 $aeng 135 $aurcnu|||||||| 181 $ctxt$2rdacontent 182 $cc$2rdamedia 183 $acr$2rdacarrier 200 00$aMedicare & reimbursement advisor weekly 210 $a[Marblehead, Mass] $cEPharmaceuticals$d©2005- 300 $aTitle from PDF caption (viewed May 18, 2005). 517 3 $aMedicare and reimbursement advisor weekly 531 $aMEDICARE AND REIMBURSEMENT ADVISOR WEEKLY 608 $aPeriodicals.$2fast 676 $a368.38 906 $aJOURNAL 912 $a996336747903316 996 $aMedicare & reimbursement advisor weekly$92393248 997 $aUNISA LEADER 02912nam 2200733Ia 450 001 9910970407203321 005 20200520144314.0 010 $a9781118536322 010 $a1118536320 010 $a9781118536292 010 $a1118536290 035 $a(CKB)2560000000103326 035 $a(EBL)1207854 035 $a(OCoLC)852756815 035 $a(SSID)ssj0000886008 035 $a(PQKBManifestationID)11539636 035 $a(PQKBTitleCode)TC0000886008 035 $a(PQKBWorkID)10815647 035 $a(PQKB)10693746 035 $a(MiAaPQ)EBC1207854 035 $a(DLC) 2013013681 035 $a(Au-PeEL)EBL1207854 035 $a(CaPaEBR)ebr10716722 035 $a(CaONFJC)MIL496095 035 $a(MiAaPQ)EBC7103783 035 $a(Au-PeEL)EBL7103783 035 $a(Perlego)1003962 035 $a(EXLCZ)992560000000103326 100 $a20070322d2013 uy 0 101 0 $aeng 135 $aur|n|---||||| 181 $ctxt 182 $cc 183 $acr 200 10$aEngineering informatics $efundamentals of computer-aided engineering /$fBenny Raphael, Ian F.C. Smith 205 $a2nd ed. 210 $aChicester $cJohn Wiley & Sons$dc2013 215 $a1 online resource (357 p.) 225 1 $aNew York Academy of Sciences 300 $aDescription based upon print version of record. 311 08$a9781118536308 311 08$a1118536304 311 08$a9781119953418 311 08$a1119953413 320 $aIncludes bibliographical references and index. 327 $aIntroduction -- Complexity -- Datastruct -- Objects -- Databases -- Comp mechanics -- Constraints -- Optsearch -- Knowledge systems -- Machine learning -- Geom-modeling -- Graphics -- Distributed-applications. 330 $a Computers are ubiquitous throughout all life-cycle stages of engineering, from conceptual design to manufacturing maintenance, repair and replacement. It is essential for all engineers to be aware of the knowledge behind computer-based tools and techniques they are likely to encounter. The computational technology, which allows engineers to carry out design, modelling, visualisation, manufacturing, construction and management of products and infrastructure is known as Computer-Aided Engineering (CAE). Engineering Informatics: Fundamentals of Computer-Aided Engineering, 2nd Editio 410 0$aNew York Academy of Sciences 606 $aComputer-aided engineering 606 $aEngineering$xData processing 615 0$aComputer-aided engineering. 615 0$aEngineering$xData processing. 676 $a620.00285 686 $a620.00285$2njb/09 686 $a501.8$2njb/09 686 $a007.13$2njb/09 701 $aSmith$b Ian F. C$0854924 801 0$bMiAaPQ 801 1$bMiAaPQ 801 2$bMiAaPQ 906 $aBOOK 912 $a9910970407203321 996 $aEngineering informatics$94363149 997 $aUNINA LEADER 00861nam0-22002771i-450 001 990008011010403321 005 20250529101150.0 035 $a000801101 035 $aFED01000801101 035 $a(Aleph)000801101FED01 100 $a20050223d1975----km-y0itay50------ba 101 0 $aita 102 $aIT 105 $ay-------001yy 200 1 $aFinanza, amministrazione e pensiero economico$eil caso della contabilità di Stato da Cavour al fascismo$fRiccardo Faucci 210 $aTorino$cFondazione Luigi Einaudi$d1975 215 $a209 p.$d25 cm 700 1$aFaucci,$bRiccardo$0119445 801 0$aIT$bUNINA$gREICAT$2UNIMARC 901 $aBK 912 $a990008011010403321 952 $a330.9 FAUC 02$b2025/896$fFLFBC 952 $aN4.148$b2772$fDECTS 959 $aDECTS 996 $aFinanza, amministrazione e pensiero economico$933211 997 $aUNINA